000 00293nam a22001337a 4500
008 170612b xxu||||| |||| 00| 0 eng d
020 _a0300031076
041 _aeng
080 _a32
100 _a19
101 _aSHP
245 _aREFORMING FEDERAL REGULATION
_cLITAN,R.E
942 _2udc
_cBK
999 _c17021
_d17021